| 000 | 00582nam a2200181 a 4500 | ||
|---|---|---|---|
| 005 | 20140412111423.0 | ||
| 008 | 080123s19uu xx 00 eng d | ||
| 020 | _a0-8167-0997-1 | ||
| 050 |
_aER _bBe35 1988 |
||
| 100 | _aGreydanus, Rose | ||
| 245 |
_aBedtime story / _cRose Greydanus. |
||
| 260 |
_aN.J : _bTroll associates, _c1988. |
||
| 440 | _aA first start easy reader | ||
| 520 | _aWhwn his children claim they are not sleepy at bedtime, father finds an entertaining way to get them to bed. | ||
| 650 |
_aBedtime _xFiction |
||
| 650 |
_aBears _xFiction |
||
| 999 |
_c106126 _d106126 |
||